00437nam a2200145 a 4500020001500000040000800015082001700023245007100040260003000111300003300141650002600174650003800200650002800238700002500266 a0256188068 cDLC00a658 IRW 199600aStakeholder negotiations :bexercises in sustainable development / aChicago :bIrwin,cc1996. aix, 170 p. :bill. ;c28 cm. 0aIndustrial management 0aSocial responsibility of business 0aSustainable development1 aBeckenstein, Alan R.